| 000 | 00441nam a22001697a 4500 | ||
|---|---|---|---|
| 003 | NUST - PNEC | ||
| 005 | 20170116180922.0 | ||
| 008 | 150905b xxu||||| |||| 00| 0 eng d | ||
| 020 | _a0028019962 | ||
| 040 | _cLIBRARY | ||
| 082 | _a621.3 PET | ||
| 100 |
_97850 _aPetruzella, Frank D. |
||
| 245 |
_a Industrial electronics _c Frank D. Petruzella |
||
| 260 | _cc.1996 | ||
| 650 |
_97852 _aIndustrial electronics _xEL |
||
| 942 |
_2ddc _cBK |
||
| 999 |
_c65661 _d65661 |
||